Microeconomics : (Record no. 34)

000 -LEADER
fixed length control field 01057cam a22003254a 4500
003 - CONTROL NUMBER IDENTIFIER
control field OSt
005 - DATE AND TIME OF LATEST TRANSACTION
control field 20210528094134.0
008 - FIXED-LENGTH DATA ELEMENTS--GENERAL INFORMATION
fixed length control field 080409s2009 ohua 001 0 eng d
020 ## - INTERNATIONAL STANDARD BOOK NUMBER
International Standard Book Number 9780324586220 (pbk.)
020 ## - INTERNATIONAL STANDARD BOOK NUMBER
International Standard Book Number 0324586221 (pbk.)
040 ## - CATALOGING SOURCE
Transcribing agency YDXCP
042 ## - AUTHENTICATION CODE
Authentication code lccopycat
050 00 - LIBRARY OF CONGRESS CALL NUMBER
Classification number HB172
Item number .B37 2009
100 1# - MAIN ENTRY--PERSONAL NAME
Personal name Baumol, William J.
245 10 - TITLE STATEMENT
Title Microeconomics :
Remainder of title principles and policy /
Statement of responsibility, etc. William J. Baumol, Alan S. Blinder.
250 ## - EDITION STATEMENT
Edition statement 11th ed.
260 ## - PUBLICATION, DISTRIBUTION, ETC.
Place of publication, distribution, etc. Mason, OH :
Name of publisher, distributor, etc. South-Western/Cengage Learning,
Date of publication, distribution, etc. c2009.
300 ## - PHYSICAL DESCRIPTION
Extent xxix, 514 p. :
Other physical details ill. (chiefly col.) ;
Dimensions 28 cm.
500 ## - GENERAL NOTE
General note Includes index.
650 #0 - SUBJECT ADDED ENTRY--TOPICAL TERM
Topical term or geographic name entry element Microeconomics.
700 1# - ADDED ENTRY--PERSONAL NAME
Personal name Blinder, Alan S.
906 ## - LOCAL DATA ELEMENT F, LDF (RLIN)
a 7
b cbc
c copycat
d 3
e epcn
f 20
g y-gencatlg
942 ## - ADDED ENTRY ELEMENTS (KOHA)
Source of classification or shelving scheme
Koha item type Book
Suppress in OPAC MW
Holdings
Withdrawn status Lost status Source of classification or shelving scheme Damaged status Not for loan Permanent Location Current Location Shelving location Date acquired Total Checkouts Full call number Barcode Date last seen Price effective from Koha item type Public note
          AU LIBRARY AU LIBRARY Open Shelf 28.05.2021   HB172 .B37 2009 28000122 28.05.2021 28.05.2021 Book MW

Powered by Koha